| 000 | 00932nam a22002537a 4500 | ||
|---|---|---|---|
| 008 | 081210t xxu||||| |||| 00| 0 eng d | ||
| 010 | _aENG-92094 | ||
| 020 |
_a9780275993238 _c485.00 |
||
| 035 | _aEN-75627 | ||
| 037 | _bDBAD / PUB | ||
| 040 |
_adpl _bEnglish |
||
| 082 | _a363.25 | ||
| 100 | _aHouck, Max M. | ||
| 245 |
_aForensic science: _cby Max M. Houck _bmodern methods of solving crime / |
||
| 260 |
_aNew Delhi _bMacmillan India _c2008(repr.) |
||
| 270 |
_a2/10, Ansar Road, Daryaganj, _bNew Delhi _e110002 |
||
| 300 |
_axx, 165p. _c23cm (pbk) |
||
| 500 | _aIncludes index | ||
| 650 | _aChemistry, Forensic | ||
| 650 | _aForensic science | ||
| 650 | _aCriminal investigation | ||
| 942 |
_2ddc _cEN _mHOU _h363.25 |
||
| 999 |
_c19637 _d19637 |
||